[Event "Almansa op-B 5th"]
[Site "Almansa"]
[Date "2010.08.11"]
[Round "5.6"]
[White "Sanchez Lopez, Diego"]
[Black "Boj Marques, Javier"]
[Result "1/2-1/2"]
[WhiteElo "1992"]
[BlackElo "1893"]
[PlyCount "103"]
[EventDate "2010.08.09"]
[EventType "swiss"]
[EventRounds "9"]
[EventCountry "ESP"]
[SourceTitle "EXT 2024"]
[Source "ChessBase"]
[SourceDate "2023.10.10"]
[SourceVersion "1"]
[SourceVersionDate "2023.10.10"]
[SourceQuality "1"]

1. d4 d5 2. Nf3 Nf6 3. c3 e6 4. Bg5 Be7 5. Nbd2 0-0 6. e3 b6 7. Bd3 Bb7 8. Qa4 h6 9. Bf4 a6 10. Rd1 b5 11. Qc2 Nbd7 12. 0-0 c5 13. Rfe1 c4 14. Bf1 Qb6 15. Ne5 Rfd8 16. h3 Nxe5 17. Bxe5 Nd7 18. Bh2 f5 19. Nf3 Bd6 20. Qe2 Bxh2+ 21. Nxh2 Nf6 22. Nf3 Bc6 23. Ne5 Be8 24. f3 Nd7 25. Nxd7 Bxd7 26. e4 Qc6 27. exf5 exf5 28. Qe5 Re8 29. Qg3 Rxe1 30. Rxe1 Re8 31. Re5 Rxe5 32. Qxe5 Kf7 33. Kf2 Be6 34. Qb8 Bd7 35. Be2 Be6 36. Bd1 Bd7 37. Bc2 Qe6 38. Qc7 Ke7 39. Qb8 g5 40. g3 Qd6 41. Qg8 f4 42. Qg7+ Kd8 43. g4 Qe6 44. Bd1 Kc7 45. Qf8 Qe3+ 46. Kf1 Qc1 47. Qc5+ Bc6 48. Qe7+ Kb6 49. Qe2 b4 50. Qc2 Qxc2 51. Bxc2 bxc3 52. bxc3 1/2-1/2

[Event "Almansa op-B 5th"]
[Site "Almansa"]
[Date "2010.08.09"]
[Round "1.4"]
[White "Romero Calduch, Sergio"]
[Black "Sanchez Lopez, Diego"]
[Result "0-1"]
[WhiteElo "1734"]
[BlackElo "1992"]
[PlyCount "75"]
[EventDate "2010.08.09"]
[EventType "swiss"]
[EventRounds "9"]
[EventCountry "ESP"]
[SourceTitle "EXT 2024"]
[Source "ChessBase"]
[SourceDate "2023.10.10"]
[SourceVersion "1"]
[SourceVersionDate "2023.10.10"]
[SourceQuality "1"]

1. d4 d5 2. c4 c6 3. Nc3 e6 4. Nf3 f5 5. Bf4 Nf6 6. e3 a6 7. Qc2 Nbd7 8. cxd5 cxd5 9. a4 Bb4 10. Bd3 0-0 11. 0-0 Qe8 12. Na2 Be7 13. b4 Qh5 14. Be2 Ne4 15. b5 Qf7 16. bxa6 bxa6 17. Ne5 Nxe5 18. Bxe5 Bd7 19. f3 Rfc8 20. Qd3 Nd6 21. Nc3 Nc4 22. e4 Bb4 23. Rfc1 fxe4 24. fxe4 Nxe5 25. dxe5 Qf4 26. Bf3 Qxe5 27. Ne2 Rxc1+ 28. Rxc1 Bxa4 29. exd5 Bd6 30. Ng3 Bb5 31. Qe4 Qxe4 32. Nxe4 Bf4 33. Rc2 exd5 34. Nf6+ Kh8 35. Nxd5 Be5 36. g3 Rd8 37. Nc3 Rc8 38. h3 0-1

[Event "Benidorm op U2000 08th"]
[Site "Benidorm"]
[Date "2009.11.30"]
[Round "3"]
[White "Sanchez Lopez, Diego"]
[Black "Kohler, Paul"]
[Result "1/2-1/2"]
[WhiteElo "1990"]
[BlackElo "1901"]
[PlyCount "140"]
[EventDate "2009.11.28"]
[EventType "swiss"]
[EventRounds "10"]
[EventCountry "ESP"]
[SourceTitle "CBM 133 Extra"]
[Source "ChessBase"]
[SourceDate "2010.01.05"]
[SourceVersion "1"]
[SourceVersionDate "2010.01.05"]
[SourceQuality "1"]

1. d4 g6 2. Nf3 Bg7 3. Bf4 d6 4. e3 Nd7 5. c3 c5 6. Nbd2 Ngf6 7. h3 b6 8. Bc4 Bb7 9. 0-0 0-0 10. Re1 d5 11. Be2 Ne4 12. Qc2 h6 13. Rad1 Rc8 14. Qb1 a6 15. a4 Qe8 16. Nxe4 dxe4 17. Nd2 e5 18. dxe5 Nxe5 19. Nxe4 Qc6 20. Bxe5 Bxe5 21. Bf3 Qxa4 22. Nxc5 bxc5 23. Bxb7 Rb8 24. Bd5 Kg7 25. b3 Qa5 26. Qe4 Bxc3 27. Re2 Qb4 28. Bc4 Rbd8 29. Rxd8 Rxd8 30. Qe7 Rd1+ 31. Kh2 Qb8+ 32. f4 Qf8 33. Qe4 Rd2 34. Bxa6 Rxe2 35. Bxe2 Qd6 36. Bc4 Bf6 37. Qb7 Qe7 38. Qd5 g5 39. g3 gxf4 40. gxf4 Bh4 41. Kg2 Qf6 42. Kf3 Qg6 43. Qe5+ Kg8 44. Qxc5 Qg3+ 45. Ke4 Qg2+ 46. Ke5 Qg7+ 47. Kd5 Qg2+ 48. Kd6 Qb7 49. Qc7 Qxc7+ 50. Kxc7 Bf2 51. e4 Bg3 52. Kd7 Bxf4 53. Ke8 Kg7 54. Bxf7 Kf6 55. Bd5 Ke5 56. b4 Kd6 57. Kf7 Bg5 58. Kg6 Be3 59. Kf5 Bd4 60. b5 Bc5 61. h4 Bd4 62. h5 Be3 63. Bc6 Bd4 64. Kg6 Be3 65. Ba8 Ke5 66. b6 Bxb6 67. Kxh6 Kf6 68. Kh7 Kg5 69. h6 Bd4 70. Bc6 Be5 1/2-1/2

[Event "Almansa op-B 4th"]
[Site "Almansa"]
[Date "2009.08.14"]
[Round "9"]
[White "Garcia Ruano, Juan Carlos"]
[Black "Sanchez Lopez, Diego"]
[Result "1/2-1/2"]
[WhiteElo "1934"]
[BlackElo "1978"]
[PlyCount "80"]
[EventDate "2009.08.10"]
[EventType "swiss"]
[EventRounds "9"]
[EventCountry "ESP"]
[SourceTitle "CBM 131 Extra"]
[Source "ChessBase"]
[SourceDate "2009.09.03"]
[SourceVersion "2"]
[SourceVersionDate "2009.09.16"]
[SourceQuality "1"]

1. e4 e5 2. Nf3 Nc6 3. Bb5 a6 4. Ba4 b5 5. Bb3 Bc5 6. 0-0 Qf6 7. Nc3 Nge7 8. d3 d6 9. Nd5 Nxd5 10. Bxd5 Bb7 11. Be3 Rb8 12. Bxc6+ Bxc6 13. Qd2 Bb6 14. h3 h6 15. Nh2 g5 16. c3 Qg6 17. Bxb6 Rxb6 18. Rfe1 0-0 19. f3 Bd7 20. d4 f6 21. dxe5 fxe5 22. Nf1 Be6 23. Ne3 Rf7 24. a4 Rb8 25. axb5 axb5 26. Ra7 h5 27. Nd5 Rc8 28. Rea1 g4 29. hxg4 hxg4 30. fxg4 Qxg4 31. Ra8 Kg7 32. Rxc8 Bxc8 33. Ra7 Qxe4 34. Qg5+ Qg6 35. Qxg6+ Kxg6 36. Rxc7 Be6 37. Rxf7 Bxf7 38. Ne3 Kg5 39. g3 Bb3 40. Kf2 d5 1/2-1/2

[Event "Benidorm op U2000 07th"]
[Site "Benidorm"]
[Date "2008.12.02"]
[Round "4"]
[White "Iglesias Fernandez, Luis"]
[Black "Sanchez Lopez, Diego"]
[Result "1/2-1/2"]
[WhiteElo "1925"]
[BlackElo "1983"]
[PlyCount "35"]
[EventDate "2008.11.29"]
[EventType "swiss"]
[EventRounds "9"]
[EventCountry "ESP"]
[SourceTitle "CBM 127 Extra"]
[Source "ChessBase"]
[SourceDate "2009.01.08"]
[SourceVersion "2"]
[SourceVersionDate "2009.01.28"]
[SourceQuality "1"]

1. Nf3 d5 2. g3 c6 3. Bg2 e6 4. 0-0 f5 5. d3 Nf6 6. Bf4 Nbd7 7. Nbd2 Be7 8. e4 fxe4 9. dxe4 0-0 10. exd5 exd5 11. c4 Nc5 12. cxd5 Nxd5 13. Be5 Bg4 14. h3 Bh5 15. Qe2 Re8 16. Qc4 Bf7 17. Qd4 Ne6 18. Qg4 1/2-1/2

[Event "ESP-ch Student"]
[Site "Cartagena"]
[Date "2007.05.08"]
[Round "3"]
[White "Gonzalez Merino, Francisco"]
[Black "Sanchez Lopez, Diego"]
[Result "1-0"]
[WhiteElo "2159"]
[BlackElo "1961"]
[PlyCount "93"]
[EventDate "2007.05.06"]
[EventType "swiss"]
[EventRounds "9"]
[EventCountry "ESP"]
[SourceTitle "CBM 118 Extra"]
[Source "ChessBase"]
[SourceDate "2007.07.04"]
[SourceVersion "1"]
[SourceVersionDate "2007.07.04"]
[SourceQuality "1"]

1. Nf3 g6 2. g3 Bg7 3. Bg2 Nf6 4. 0-0 0-0 5. d4 d5 6. c4 c6 7. cxd5 cxd5 8. Ne5 Ng4 9. Bf4 Nc6 10. Nxc6 bxc6 11. h3 Nf6 12. Nc3 Nh5 13. Bc1 f5 14. e3 Nf6 15. Na4 Ne4 16. Qc2 Qe8 17. Bd2 e5 18. Bc3 exd4 19. Bxd4 Bxd4 20. exd4 Qe6 21. Rac1 Ba6 22. Rfe1 Qf6 23. Nc5 Bc8 24. Qd3 Rb8 25. b3 Rb4 26. Red1 Nxc5 27. Rxc5 Re8 28. Qc3 Rb6 29. Bxd5+ cxd5 30. Rxc8 Qf8 31. Rc1 Rbe6 32. Qc5 Rxc8 33. Qxc8 Re1+ 34. Kg2 Rxc1 35. Qxc1 Qe7 36. Qe3 Qb7 37. Qe8+ Kg7 38. Qe5+ Kg8 39. Qe6+ Kg7 40. h4 h6 41. h5 gxh5 42. Qxf5 Qb5 43. Qxh5 Qd7 44. f3 Qb5 45. Qe5+ Kg8 46. g4 Kf8 47. Kg3 1-0

[Event "ESP-ch Student"]
[Site "Cartagena"]
[Date "2007.05.07"]
[Round "1"]
[White "Paredes Cordo, Jacobo Borja"]
[Black "Sanchez Lopez, Diego"]
[Result "1-0"]
[WhiteElo "2211"]
[BlackElo "1961"]
[PlyCount "63"]
[EventDate "2007.05.06"]
[EventType "swiss"]
[EventRounds "9"]
[EventCountry "ESP"]
[SourceTitle "CBM 118 Extra"]
[Source "ChessBase"]
[SourceDate "2007.07.04"]
[SourceVersion "1"]
[SourceVersionDate "2007.07.04"]
[SourceQuality "1"]

1. e4 e5 2. Nf3 Nc6 3. d4 exd4 4. Bc4 Nf6 5. e5 d5 6. Bb5 Nd7 7. 0-0 Bc5 8. Bxc6 bxc6 9. Bg5 Be7 10. Nxd4 Nxe5 11. Bxe7 Qxe7 12. Re1 0-0 13. Nxc6 Nxc6 14. Rxe7 Nxe7 15. Nc3 c6 16. Na4 a6 17. Qd4 Nf5 18. Qc3 Be6 19. Nc5 Rfc8 20. Re1 d4 21. Qf3 Nh4 22. Qe4 Nxg2 23. Qxg2 Bd5 24. Qg4 Re8 25. Rxe8+ Rxe8 26. Kf1 Bc4+ 27. Kg2 Re5 28. Qxd4 Rg5+ 29. Kf3 Bd5+ 30. Ke3 Rh5 31. c4 Rh3+ 32. Kd2 1-0

[Event "Catalunya-ch"]
[Site "Barcelona"]
[Date "2007.04.06"]
[Round "6"]
[White "Sanchez Lopez, Diego"]
[Black "Caparros Fernandez, Xavier"]
[Result "0-1"]
[WhiteElo "1961"]
[BlackElo "1917"]
[PlyCount "102"]
[EventDate "2007.04.01"]
[EventType "swiss"]
[EventRounds "9"]
[EventCountry "ESP"]
[SourceTitle "CBM 117 Extra"]
[Source "ChessBase"]
[SourceDate "2007.05.09"]
[SourceVersion "1"]
[SourceVersionDate "2007.05.09"]
[SourceQuality "1"]

1. c4 b5 2. cxb5 a6 3. Nc3 g6 4. Nf3 axb5 5. Nxb5 Ba6 6. Nc3 Bg7 7. g3 d5 8. d4 e6 9. b4 c6 10. Bg5 Nf6 11. Qd2 Qb6 12. Rb1 Ne4 13. Nxe4 dxe4 14. Nh4 Bxd4 15. e3 Bxf1 16. Qxd4 Qxd4 17. exd4 Bd3 18. Rb2 Bc4 19. Kd2 Nd7 20. Ng2 Nb6 21. Bf6 Rg8 22. Rc2 Kd7 23. Ne3 Bd3 24. Rb2 Ra3 25. b5 cxb5 26. Rc1 Rc8 27. Rxc8 Kxc8 28. Be7 Ra4 29. Bc5 Nc4+ 30. Nxc4 Bxc4 31. a3 Bd3 32. h4 Kd7 33. Ke3 h5 34. Kf4 f6 35. Ke3 Ra8 36. Kd2 g5 37. hxg5 fxg5 38. Ke3 h4 39. gxh4 gxh4 40. f3 h3 41. Rh2 Bf1 42. fxe4 Bg2 43. Kf2 Kc6 44. Bb4 Rd8 45. Ke3 Rg8 46. e5 Kd5 47. Bc5 Rg4 48. Kf2 Rxd4 49. Bxd4 Kxd4 50. Ke2 Kxe5 51. Kd3 Kf4 0-1

[Event "Catalunya-ch"]
[Site "Barcelona"]
[Date "2007.04.03"]
[Round "3"]
[White "Sanchez Lopez, Diego"]
[Black "Corretja Torrens, Jordi"]
[Result "0-1"]
[WhiteElo "1961"]
[BlackElo "1895"]
[PlyCount "62"]
[EventDate "2007.04.01"]
[EventType "swiss"]
[EventRounds "9"]
[EventCountry "ESP"]
[SourceTitle "CBM 117 Extra"]
[Source "ChessBase"]
[SourceDate "2007.05.09"]
[SourceVersion "1"]
[SourceVersionDate "2007.05.09"]
[SourceQuality "1"]

1. c4 Nf6 2. Nc3 e6 3. Nf3 d5 4. cxd5 exd5 5. d4 Bb4 6. a3 Bxc3+ 7. bxc3 0-0 8. Bg5 c6 9. e3 Nbd7 10. Bd3 h6 11. Bh4 Qe8 12. Qc2 Ne4 13. Nd2 f5 14. 0-0 Ndf6 15. h3 Qg6 16. Bxf6 Rxf6 17. Nf3 f4 18. Ne5 Qh5 19. Be2 f3 20. Bxf3 Rxf3 21. Nxf3 Bxh3 22. gxh3 Qxf3 23. Qd1 Qxh3 24. Rb1 Rf8 25. Rxb7 Rf3 26. Rb8+ Kh7 27. Qxf3 Qxf3 28. Rb7 Qg4+ 29. Kh2 Qh4+ 30. Kg1 Ng5 31. f3 Qg3+ 0-1

[Event "Catalunya-ch"]
[Site "Barcelona"]
[Date "2007.04.01"]
[Round "1"]
[White "Sanchez Lopez, Diego"]
[Black "Garcia Clemente, Julian Francisco"]
[Result "1/2-1/2"]
[WhiteElo "1961"]
[BlackElo "2021"]
[PlyCount "32"]
[EventDate "2007.04.01"]
[EventType "swiss"]
[EventRounds "9"]
[EventCountry "ESP"]
[SourceTitle "CBM 117 Extra"]
[Source "ChessBase"]
[SourceDate "2007.05.09"]
[SourceVersion "1"]
[SourceVersionDate "2007.05.09"]
[SourceQuality "1"]

1. c4 Nf6 2. Nc3 c5 3. Nf3 Nc6 4. g3 g6 5. Bg2 Bg7 6. 0-0 0-0 7. d3 d6 8. Bd2 Bd7 9. Qc1 Rb8 10. Bh6 a6 11. Bxg7 Kxg7 12. a4 h6 13. h4 Bg4 14. Nh2 Bd7 15. Nf3 Bg4 16. Nh2 Bd7 1/2-1/2